000 09851nam0a22006131 4500
001 RU\NLR\BIBL_A\022376752
005 20260408070118.0
035 _a(NLR Aleph) 022376752
090 _a13272168
_c13272168
100 _a20221121j1806 |||y0rusy50 ca
101 0 _arus
102 _aRU
105 _ay n 000yy
135 _acrcn 024anaba
200 1 _aУказ его императорскаго величества самодержца всероссийскаго,
_e[штаты Херсонской и Таврической губерний]
_fиз Правительствующаго Сената
210 _a[Санкт-Петербург
_cСенатская типография
_dапр. 1806]
215 _a[22] с.
_d
300 _aСенат. указ от 23 апр. 1806 г. о рассылке высочайше утвержденных 16 марта 1806 г. Штатов (ПСЗ. Т.29. 22063)
300 _aТекст начинается словами: Высочайше конфирмованных его императорском величеством в 16 1 день минувшаго марта...
300 _aВ конце текста указа на с.[1] дата рассылки: Апреля дня 1806 года
300 _aДата указа, место изд. и тип. даны по печат. реестру к конволюту
300 _aВ левом нижнем углу на с.[1]: По 1 му департаменту
300 _aПеред текстом каждого штата: На подлинном написано собственною его императорскаго величества рукою тако: Быть по сему. Александр. В С.П.бурге. Марта 16 го 1806 го
300 _aВ коце текста каждого штата: Подлинный подписал: министр внутренних дел граф В.Кочубей
316 _aЭкз. РНБ (18.88.1.1-11-59) является частью владельч. конволюта. Припл. к: Указ его императорскаго величества самодержца всероссийскаго, : [о средствах к установлению свободной продажи соли, добываемой на озере Эбелейском и на других озерах по киргизским степям] / из Правительствующаго Сената. - [Санкт-Петербург : Сенатская типография, янв. 1806]. В правом верхнем углу на с.[1] от руки написан номер: 59
_5NLR: 18.88.1.1-11-59
325 _aКопия доступна в Электрон. б-ке РНБ
327 1 _aИз содерж.: Штат Таврической губернии, составленной из семи уездов: Симферопольскаго, Перекопскаго, Тмутараканскаго, Феодосийскаго, Евпаторийскаго, Днепровскаго и Мелитопольскаго (С.[3-7])
_aШтат Херсонской губернии, составленной из пяти уездов: Херсонскаго, Тираспольскаго, Ольвиопольскаго, Елисаветградскаго и Александрийскаго (С.[9-14])
_aШтат о числе воинских чинов конных и пехотных в Таврической губернии при одном губернском и четырех уездных правлениях: Перекопском, Евпаторийском, Днепровском и Мелитопольском (С.[15-17])
_aШтат о числе воинских чинов конных и пехотных в Херсонской губернии при одном губернском и при четырех уездных правлениях (С.[19-21])
464 0 _12001#$aШтат Таврической губернии, составленной из семи уездов: Симферопольскаго, Перекопскаго, Тмутараканскаго, Феодосийскаго, Евпаторийскаго, Днепровскаго и Мелитопольскаго
_1215##$aС.[3-7]
_15181#$aШтат Таврической губернии, составленной из семи уездов: Симферопольского, Перекопского, Тмутараканского, Феодосийского, Евпаторийского, Днепровского и Мелитопольского
_tШтат Таврической губернии, составленной из семи уездов: Симферопольскаго, Перекопскаго, Тмутараканскаго, Феодосийскаго, Евпаторийскаго, Днепровскаго и Мелитопольскаго
464 0 _12001#$aШтат Херсонской губернии, составленной из пяти уездов: Херсонскаго, Тираспольскаго, Ольвиопольскаго, Елисаветградскаго и Александрийскаго
_1215##$aС.[9-14]
_15181#$aШтат Херсонской губернии, составленной из пяти уездов: Херсонского, Тираспольского, Ольвиопольского, Елисаветградского и Александрийского
_tШтат Херсонской губернии, составленной из пяти уездов: Херсонскаго, Тираспольскаго, Ольвиопольскаго, Елисаветградскаго и Александрийскаго
464 0 _12001#$aШтат о числе воинских чинов конных и пехотных в Таврической губернии при одном губернском и четырех уездных правлениях: Перекопском, Евпаторийском, Днепровском и Мелитопольском
_1215##$aС.[15-17]
_tШтат о числе воинских чинов конных и пехотных в Таврической губернии при одном губернском и четырех уездных правлениях: Перекопском, Евпаторийском, Днепровском и Мелитопольском
464 0 _12001#$aШтат о числе воинских чинов конных и пехотных в Херсонской губернии при одном губернском и при четырех уездных правлениях
_1215##$aС.[19-21]
_tШтат о числе воинских чинов конных и пехотных в Херсонской губернии при одном губернском и при четырех уездных правлениях
482 0 _1001RU\NLR\BIBL_A\022357554
_12001#$aУказ его императорскаго величества самодержца всероссийскаго,$e[о средствах к установлению свободной продажи соли, добываемой на озере Эбелейском и на других озерах по киргизским степям]$fиз Правительствующаго Сената
_1210##$a[Санкт-Петербург$cСенатская типография$dдек. 1806]
_913260699
_aРоссия (1801-1825; Александр I). Император
_c[Санкт-Петербург
_dянв. 1806]
_fиз Правительствующаго Сената
_nСенатская типография
_o[о средствах к установлению свободной продажи соли, добываемой на озере Эбелейском и на других озерах по киргизским степям]
_p[2] с.
_tУказ его императорскаго величества самодержца всероссийскаго,
517 1 _aШтаты Херсонской и Таврической губерний
517 1 _aВысочайше конфирмованных его императорском величеством в 16 1 день минувшаго марта...
518 1 _aУказ его императорского величества самодержца всероссийского,
518 1 _aВысочайше конфирмованных его императорском величеством в 16 1 день минувшего марта...
606 1 _aЗаконодательство
_yРоссия
_z1801 - 1825
_92280395
_3RU\NLR\AUTH\6601594564
620 _dСанкт-Петербург
686 _aХ2(2)47-3
702 0 _4720
_7ca
_8rus
_aАлександр
_cимператор российский
_dI
_f1777-1825
_9115306
_3RU\NLR\AUTH\775342
702 1 _4720
_7ca
_8rus
_aКочубей
_bВ. П.
_f1768-1834
_gВиктор Павлович
_9165590
_3RU\NLR\AUTH\770165637
710 0 1 _4720
_aРоссия
_bИмператор
_c1801-1825; Александр I
_9584940
_3RU\NLR\AUTH\8810042745
711 0 1 _4720
_aРоссия
_bСенат
_9392688
_3RU\NLR\AUTH\889948534
712 0 2 _4610
_aСенатская типография
_cПетербург
_9375085
_3RU\NLR\AUTH\889940127
852 _aNLR
_j18.88.1.1-11-59
942 _cBOOK
980 _aNB
980 _aA1UKAZ
981 4 8 _a(48) Крым: история в документах
981 1 6 _a(16) Законодательные акты Российской империи